|
|
|
|
| LEADER |
00870nam a2200229 a 4500 |
| 001 |
00027249 |
| 008 |
130723s2008 ii a b 000 0 eng d |
| 020 |
|
|
|a 8175544066
|
| 020 |
|
|
|a 9788175544062
|
| 040 |
|
|
|a BD-DhAAL
|c BD-DhAAL.
|
| 082 |
0 |
0 |
|a 658.4092
|2 22
|
| 100 |
1 |
|
|a Adair, John
|
| 245 |
1 |
4 |
|a The inspirational leader :
|b how to motivate, encourage and achieve success /
|c John Adair
|
| 260 |
|
|
|a New Delhi :
|b Kogan Page,
|c c2008.
|
| 300 |
|
|
|a vi, 202 p. :
|b ill. ;
|c 25 cm.
|
| 504 |
|
|
|a Includes bibliographical references (p. [201]-202)
|
| 541 |
|
|
|e 00027249
|
| 650 |
|
0 |
|a Leadership
|
| 650 |
|
0 |
|a Employee motivation
|
| 852 |
1 |
|
|a Ayesha Abed Library
|j General shelf.
|
| 999 |
|
|
|c 13706
|d 13706
|
| 952 |
|
|
|0 0
|1 0
|2 ddc
|4 0
|6 658_409200000000000_ADA
|7 0
|9 22947
|a IGS
|b IGS
|c GEN
|d 2013-07-24
|e Paragon Enterprises Ltd.
|g 449.00
|l 0
|o 658.4092 ADA
|p 3010027249
|r 2013-07-24
|t 1
|w 2013-07-24
|y BK
|